000 00279nam a22001217a 4500
082 _a894.812
_bROS/S
100 _aROSE.C.R
245 _aSAHITHYA QUIZ
260 _aTHIRUVANANTHAPURAM
_bPRABHATHAM PRINTING & PUBLISHING CO
300 _a122
650 _aQUIZ
_zKERALA
942 _cBK
999 _c1064
_d1064